| 000 | 00000nas##2200000za#4500 |
| 001 | 9.512948 |
| 003 | CaOODSP |
| 005 | 20200325133523 |
| 007 | ta |
| 008 | 150406c1991||||xxc|| m #||||f| |0fre|d |
| 040 | |aCaOODSP|bfre |
| 043 | |an-cn--- |
| 086 | 1 |aEn108-3/1F |
| 110 | 1 |aCanada.|bConseil canadien des ministres de l'environnement. |
| 245 | 10|a[Rapport.] |
| 260 | |aWinnipeg - Manitoba : |bConseil canadien des ministres de l'environnement |
| 500 | |aDonnées de catalogage avant publication (Canada) imprimées dans ces publications. |
| 563 | |aCouverture souple |
| 775 | 08|t[Report.] |w(CaOODSP)9.514545 |
| 776 | 0#|t[Rapport] |w(CaOODSP)9.515887 |